000 00449nam a2200181Ia 4500
008 230524s9999 xx 000 0 und d
020 _a8177000217
082 _a621.402
_bDOM
100 _aS.Domkundwar
245 2 _aA Course in Thermal Engineering
250 _a5TH
260 _aNEW DELHI
_bDhanpatrai
_c2004
300 _aXI;1261
500 _aQuantity Number: 25
650 _aThermodynamics
700 _a C.P. Kothan daraman
942 _cBK
999 _c273
_d273